| 000 | 00502nam a22001937a 4500 | ||
|---|---|---|---|
| 003 | LK-CoDNM | ||
| 005 | 20250122151227.0 | ||
| 008 | 250122b |||||||| |||| 00| 0 eng d | ||
| 040 |
_aLK-CoDNM _dLK-CoDNM _eLK-CoDNM |
||
| 041 | _aeng | ||
| 080 |
_a13 _bB8 |
||
| 100 | _aRomanes, J., George | ||
| 245 | _aAnimal Intelligence | ||
| 260 |
_aLondon _bKegan Paul, Trench Trubner, & Co. Ltd. _c1892 |
||
| 300 | _axiv, 520p : ill; 18.5 cm | ||
| 650 | _aAnimals | ||
| 650 | _aIntelligence | ||
| 942 | _cBK | ||
| 999 |
_c237265 _d237265 |
||